=LDR 00000nam 2200000 4500 =001 000812 =005 20250711115156 =035 ##$$a 0010-0725000682 =007 ta =008 250711################a##########0#ind## =020 ##$$a 978-602-244-946-1 =082 ##$$a 398.209 598 =084 ##$$a 398.209 598 BAR i =100 #$$a Barbara eni =245 1#$$a ini atau itu? /$c Barbara eni =250 ##$$a pertama =260 ##$$a jakarta :$b kementrian pendidikan,kebudayaan,riset dan teknologi,$c 2022 =300 ##$$a 36hlm. : $b ilus. ; $c 17.5x25cm =700 #$$a singgih cahyo =990 ##$$a TBM202400817